Montaigne et son temps / (Record no. 121688)

MARC details
000 -LEADER
campo de control de longitud fija 00506nam a2200181 i 4500
001 - NÚMERO DE CONTROL
campo de control 121688
003 - IDENTIFICADOR DE NÚMERO DE CONTROL
campo de control ES-MaACL
005 - FECHA Y HORA DE LA ÚLTIMA TRANSACCIÓN
campo de control 20240429130220.0
007 - CAMPO FIJO DE DESCRIPCIÓN FÍSICA--INFORMACIÓN GENERAL
campo de control de longitud fija t|
008 - DATOS DE LONGITUD FIJA--INFORMACIÓN GENERAL
campo de control de longitud fija 070214s1933 fr r ||||1| fre d
100 1# - ENTRADA PRINCIPAL--NOMBRE DE PERSONA
Nombre de persona Plattard, Jean.
9 (RLIN) 92607
245 10 - MENCIÓN DEL TÍTULO
Título Montaigne et son temps /
Mención de responsabilidad, etc. Jean Plattard.
260 ## - PUBLICACIÓN, DISTRIBUCIÓN, ETC.
Lugar de publicación, distribución, etc. Paris :
Nombre del editor, distribuidor, etc. Boivin et Cie.,
Fecha de publicación, distribución, etc. 1933.
300 ## - DESCRIPCIÓN FÍSICA
Extensión 297 p. :
Otras características físicas 1 rtr. ;
Dimensiones 23 cm.
600 14 - PUNTO DE ACCESO ADICIONAL DE MATERIA--NOMBRE DE PERSONA
Nombre de persona Montaigne, Michel de,
Fechas asociadas al nombre 1533-1592
9 (RLIN) 82329
852 ## - LOCALIZACIÓN
Ubicación ES-MaACL
Número de control de estantería A-1943
Holdings
Estatus retirado Estado de pérdida Estado de daño No para préstamo Biblioteca de origen Biblioteca actual Ubicación en estantería Fecha de adquisición Fuente de adquisición Total de préstamos Signatura topográfica completa Código de barras Visto por última vez Precio de reemplazo Tipo de ítem Koha
        Biblioteca del Ateneo de Madrid Biblioteca del Ateneo de Madrid Sala Pecera Planta 1 17/01/2008     A-1943 1126813 23/02/2023 23/02/2023 Libro impreso